000 00638nmm a2200169Ia 4500
008 251105s9999||||xx |||||||||||||||||und||
020 _a9788437073989
041 _aspa
100 _aBertomeu Masiá, M. José
245 0 _aLa guerra secreta de Carlos V contra el Papa :
_b La cuestión de Parma y Piacenza en la correspondencia del cardenal Granvela
264 _a[Madrid, España] :
_bPublicaciones de la Universidad de Valencia (PUV),
_c2009
300 _a530 páginas
490 _aDocumentos inéditos de Carlos V
650 _aHistory of Europe: Spain
856 _uhttps://public.digitaliapublishing.com/a/35133
942 _cCF
999 _c82462
_d82462